Louis XIV / (Record no. 25697)
[ view plain ]
| 000 -LEADER | |
|---|---|
| fixed length control field | 00796nam a22002652a 4500 |
| 001 - CONTROL NUMBER | |
| control field | 25697 |
| 003 - CONTROL NUMBER IDENTIFIER | |
| rucl marc code | UkOxU |
| 005 - DATE AND TIME OF LATEST TRANSACTION | |
| control field | 20211209050920.0 |
| 008 - FIXED-LENGTH DATA ELEMENTS--GENERAL INFORMATION | |
| fixed length control field | 140319s1965 enka 001 0 eng d |
| 035 ## - SYSTEM CONTROL NUMBER | |
| System control number | (BD-RjUL)25767 |
| 040 ## - CATALOGING SOURCE | |
| Original cataloging agency | WSU |
| Modifying agency | OCL |
| -- | UKM |
| -- | EQO |
| Language of cataloging | eng |
| Transcribing agency | BD-RjUL |
| 041 ## - LANGUAGE CODE | |
| Language code of text/sound track or separate title | eng |
| 082 ## - DEWEY DECIMAL CLASSIFICATION NUMBER | |
| Classification number | 944.0330924 |
| Edition number | 18 |
| Author mark and year | JUL 1965 |
| 090 ## - LOCALLY ASSIGNED LC-TYPE CALL NUMBER (OCLC); LOCAL CALL NUMBER (OCLC) | |
| Classification number (OCLC) (R) ; Classification number, CALL (RLIN) (NR) | DC124.5 |
| Local cutter number (OCLC) ; Book number/undivided call number, CALL (RLIN) | .J8 |
| 100 1# - MAIN ENTRY--PERSONAL NAME | |
| Personal name | Judge, Harry George. |
| 9 (RLIN) | 78936 |
| 245 10 - TITLE STATEMENT | |
| Title | Louis XIV / |
| Statement of responsibility, etc. | Harry George Judge, |
| 260 ## - PUBLICATION, DISTRIBUTION, ETC. (IMPRINT) | |
| Place of publication, distribution, etc. | London : |
| Name of publisher, distributor, etc. | Longmans, |
| Date of publication, distribution, etc. | 1965 |
| 300 ## - PHYSICAL DESCRIPTION | |
| Pagination | 150 p ; |
| Size | 23cm. |
| 490 1# - SERIES STATEMENT | |
| Series statement | Problems and perspectives in history |
| 504 ## - BIBLIOGRAPHY, ETC. NOTE | |
| Bibliography, etc | Includes bibliographies and Index |
| 651 #0 - SUBJECT ADDED ENTRY--GEOGRAPHIC NAME | |
| Geographic name | France |
| General subdivision | History |
| Chronological subdivision | Louis XIV, 1643-1715 |
| General subdivision | Sources. |
| 9 (RLIN) | 78937 |
| 830 #0 - SERIES ADDED ENTRY--UNIFORM TITLE | |
| Uniform title | Problems and perspectives in history |
| 942 ## - ADDED ENTRY ELEMENTS (KOHA) | |
| Source of classification or shelving scheme | Dewey Decimal Classification |
| Koha item type | Books |
| Lost status | Source of classification or shelving scheme | Damaged status | Not for loan | Collection code | Permanent Location | Current Location | Shelving location | Date acquired | Source of acquisition | Cost, normal purchase price | Total Checkouts | Full call number | Date last seen | Copy number | Koha item type |
|---|---|---|---|---|---|---|---|---|---|---|---|---|---|---|---|
| Dewey Decimal Classification | Added to bundle | Non-fiction | Central Library, University of Rajshahi | Central Library, University of Rajshahi | Reading Room | 31/12/1968 | Zeitlinger | 10.00 | 944.0330924 JUL 1965 | 19/03/2014 | C-1 | Books |